|
|
|
|
| LEADER |
01285nam a2200301 a 4500 |
| 001 |
3032058 |
| 005 |
20130915105806.0 |
| 008 |
130915s1995 nyua b 001 0 eng |
| 010 |
|
|
|a 95006657
|
| 020 |
|
|
|a 0898626161
|
| 040 |
|
|
|a DLC
|c DLC
|d DLC
|d BD-DhAAL
|
| 050 |
0 |
0 |
|a HB871
|b .K25 1995
|
| 082 |
0 |
0 |
|a 304.6
|2 20
|
| 100 |
1 |
|
|a Daugherty, Helen Ginn.
|9 3040
|
| 245 |
1 |
3 |
|a An introduction to population /
|c Helen Ginn Daugherty, Kenneth C.W. Kammeyer.
|
| 250 |
|
|
|a 2nd ed.
|
| 260 |
|
|
|a New York :
|b Guilford Press,
|c c1995.
|
| 300 |
|
|
|a vii, 343 p. :
|b ill. ;
|c 25 cm.
|
| 500 |
|
|
|a Kammeyer's name appears first on the earlier edition.
|
| 504 |
|
|
|a Includes bibliographical references (p. 299-329) and indexes.
|
| 650 |
|
0 |
|a Population.
|9 3041
|
| 650 |
|
0 |
|a Population
|x Study and teaching.
|9 3042
|
| 700 |
1 |
|
|a Kammeyer, Kenneth C. W.
|9 3043
|
| 856 |
4 |
2 |
|3 Contributor biographical information
|u http://www.loc.gov/catdir/bios/guilford051/95006657.html
|
| 856 |
4 |
2 |
|3 Publisher description
|u http://www.loc.gov/catdir/description/guilford051/95006657.html
|
| 942 |
|
|
|2 ddc
|c BK
|
| 999 |
|
|
|c 13957
|d 13957
|
| 952 |
|
|
|0 0
|1 0
|2 ddc
|4 0
|6 304_600000000000000_DAU
|7 0
|9 23387
|a BRACUL
|b BRACUL
|c GEN
|d 2013-09-15
|e Smart Books
|g 3500.00
|l 5
|m 18
|o 304.6 DAU
|p 3010027519
|r 2017-04-03
|s 2017-02-20
|t 1
|w 2013-09-15
|y BK
|